Catálogo

INTRODUCCION A LA METODOLOGIA DE INVESTIGACION EN CIENCIAS DE LA ADMINISTRACION Y DEL COMPORTAMIENTO : (Registro nro. 18411)

Detalles MARC
000 -LEADER
fixed length control field 00708nam a2200193 a 4500
001 - CONTROL NUMBER
control field 18411
005 - DATE AND TIME OF LATEST TRANSACTION
control field 20180713211708.0
008 - FIXED-LENGTH DATA ELEMENTS--GENERAL INFORMATION
fixed length control field 140415s1995 mx 000 0 spa d
041 ## - LANGUAGE CODE
Language code of text/sound track or separate title spa
082 ## - DEWEY DECIMAL CLASSIFICATION NUMBER
Classification number 300.18
Item number ARI
100 1# - MAIN ENTRY--PERSONAL NAME
Personal name ARIAS GALICIA, FERNANDO
245 10 - TITLE STATEMENT
Title INTRODUCCION A LA METODOLOGIA DE INVESTIGACION EN CIENCIAS DE LA ADMINISTRACION Y DEL COMPORTAMIENTO :
Remainder of title CONTABILIDAD, ECONOMIA, ADMINISTRACION, PSICOLOGIA, SOCIOLOGIA, TRABAJO SOCIAL
250 ## - EDITION STATEMENT
Edition statement 5a ed.
260 ## - PUBLICATION, DISTRIBUTION, ETC.
Place of publication, distribution, etc. MEXICO :
Name of publisher, distributor, etc. TRILLAS,
Date of publication, distribution, etc. 1995
300 ## - PHYSICAL DESCRIPTION
Extent 323
490 ## - SERIES STATEMENT
Series statement BIBLIOTECA DE CIENCIAS DE LA ADMINI:BIBLIOTECA...
650 14 - SUBJECT ADDED ENTRY--TOPICAL TERM
Topical term or geographic name entry element ADMINISTRACION
General subdivision INVESTIGACION
700 1# - ADDED ENTRY--PERSONAL NAME
Personal name FERNANDEZ ARENA, JOSE A.
Relator term pról.
Existencias
Withdrawn status Lost status Source of classification or shelving scheme Damaged status Not for loan Collection code Home library Current library Shelving location Date acquired Source of acquisition Inventory number Total Checkouts Full call number Barcode Date last seen Price effective from Koha item type
    Dewey Decimal Classification     General Biblioteca Karol Wojtyla Biblioteca Karol Wojtyla Sala general 03/12/2013 Compra 151000000000000000058328   300.18 ARI 37719 05/01/2026 03/12/2013 Libro
    Dewey Decimal Classification     General Tehuacán Tehuacán Sala general 03/12/2013 Compra     300.18 ARI 501888 08/01/2025 03/12/2013 Libro